| 000 | 00817nas a2200301Ia 4500 | ||
|---|---|---|---|
| 001 | 36 | ||
| 003 | CO-MdFUSB | ||
| 005 | 20170323113303.0 | ||
| 008 | 151030s9999 ve 000 0 spa d | ||
| 022 | _a0798-0256 | ||
| 037 | _bAcción Ecuménica | ||
| 040 |
_aCO-MdFUSB _bspa _cCO-MdFUSB _dCO-MdFUSB _erda |
||
| 041 | 0 |
_aspa _hspa |
|
| 245 | 1 | 0 |
_aPresencia Ecuménica _cAcción Ecuménica |
| 260 | _aCaracas | ||
| 264 |
_aVenezuela : _bAcción Ecuménica |
||
| 300 |
_aNúmero 41 - 58 _c28 cm. |
||
| 310 |
_aNo aplica _b1996 |
||
| 336 |
_2rdacontent _a1 _ba1 |
||
| 337 |
_2rdamedia _a2 _b5 |
||
| 338 | _a2 | ||
| 362 | _a1996 - 2001 | ||
| 546 | _aTexto en inglés | ||
| 650 | _vPublicaciones seriadas | ||
| 773 | _dCaracas, Venezuela : Acción Ecuménica 1996 | ||
| 810 | _hRevista | ||
| 942 |
_cCR _2ddc _a3 |
||
| 999 |
_c49515 _d49515 |
||